Statistiken für Straßenbahnhaltestellen Augsburg

Klicken Sie hier um das Quiz zu spielen!

Allgemein

  • Dieses Quiz wurde 15 mal gespielt
  • Das Durchschnittsergebnis liegt bei 27 aus 98

Antwortstatistiken

HintAntwort% Korrekt
Linie 1/2/3/4/6Königsplatz
100%
Linie 3/4/6Hauptbahnhof
73%
Linie 4Plärrer
64%
Linie 4Curt-Frenzel-Stadion
55%
Linie 2/3/6Rotes Tor
55%
Linie 3Universität
55%
Linie 1Göggingen
45%
Linie 3Inninger Straße
45%
Linie 1Kongress am Park
45%
Linie 2/3Schertlinstraße
45%
Linie 6Stadtbergen
45%
Linie 2/4Wertachbrücke
45%
Linie 4Alpenhof
36%
Linie 2Augsburg West
36%
Linie 4Bärenwirt
36%
Linie 2Berufsschule
36%
Linie 3Bukowina-Institut
36%
Linie 4Eschenhof
36%
Linie 2Haunstetten Nord
36%
Linie 2/3Haunstetter Straße
36%
Linie 3Hofackerstraße
36%
Linie 1Jakobertor
36%
Linie 4Klinkertor
36%
Linie 1/2Moritzplatz
36%
Linie 4Oberhausen Nord
36%
Linie 1Polizeipräsidium
36%
Linie 2Sportanlage Süd
36%
Linie 4Staatstheater
36%
Linie 2/3/6Theodor-Heuss-Platz
36%
Linie 2Beim Dürren Ast
27%
Linie 1Bergstraße
27%
Linie 1Berliner Allee
27%
Linie 3Bischofsackerweg
27%
Linie 4Drentwettstraße
27%
Linie 3Fachoberschule
27%
Linie 2Fischertor
27%
Linie 6Friedberg West
27%
Linie 1Frohsinnstraße
27%
Linie 1Fuggerei
27%
Linie 1Göggingen Rathaus
27%
Linie 1Hessing-Kliniken
27%
Linie 6Hochschule
27%
Linie 3Innovationspark
27%
Linie 3Institut für Physik
27%
Linie 2Kriegshaber
27%
Linie 1Lechhausen
27%
Linie 1Maria Stern
27%
Linie 2Mozarthaus
27%
Linie 6Pfersee
27%
Linie 1Pilgerhausstraße
27%
Linie 6Rosenaustraße
27%
Linie 1Schlößle
27%
Linie 2Senkelbach
27%
Linie 1Ulrichsbrücke
27%
Linie 6Afrabrücke
18%
Linie 6Am Eiskanal
18%
Linie 3Augsburger Straße
18%
Linie 1Barfüßerbrücke
18%
Linie 3Bereitschaftspolizei
18%
Linie 3Brahmsstraße
18%
Linie 1Burgfrieden
18%
Linie 1Curtiusstraße
18%
Linie 6Eberlestraße
18%
Linie 6Friedberg Maria Alber
18%
Linie 6Gärtnerstraße
18%
Linie 3Guldenstraße
18%
Linie 3Haunstetten Südwest
18%
Linie 2Helmut-Haller-Platz
18%
Linie 6Herz-Jesu-Kirche
18%
Linie 6Hochzoll Mitte
18%
Linie 1Klausenberg
18%
Linie 3Königsbrunn Zentrum
18%
Linie 3Kopernikusstraße
18%
Linie 1KUKA
18%
Linie 1Kulturstraße
18%
Linie 6Luitpoldbrücke
18%
Linie 2Messerschmitt
18%
Linie 3Mindelheimer Straße
18%
Linie 6Rudolf-Diesel-Gymnasium
18%
Linie 1Schleiermacherstraße
18%
Linie 6Schwaben Center
18%
Linie 6Stadtberger Hof
18%
Linie 2Stadtwerke
18%
Linie 2Stenglinstraße
18%
Linie 2St. Thaddäus
18%
Linie 6Textilmuseum
18%
Linie 3Von-Parseval-Straße
18%
Linie 6Wilhelm-Hauff-Straße
18%
Linie 4Zollernstraße
18%
Linie 2Baugenossenschaft
9%
Linie 6Bürgermeister-Bohl-Straße
9%
Linie 6Elias-Holl-Straße
9%
Linie 2Heimgarten
9%
Linie 2Neusässer Straße
9%
Linie 2Schärtlstraße
9%
Linie 2Uniklinik BKH
9%
Linie 2Volkssiedlung
9%
Linie 6Westfriedhof
9%

Verteilung der Resultate

Perzentil nach korrekt beantworteten Fragen

Anzahl Personen mit jedem Resultat

Ihre Resultats-Entwicklung

Sie haben dieses Quiz noch nicht gespielt